[Event "Muensterland Regionalliga 1415"]
[Site "Germany"]
[Date "2014.10.25"]
[Round "2.8"]
[White "Kempe, Frank"]
[Black "Altgelt, Max"]
[Result "1-0"]
[WhiteElo "1904"]
[BlackElo "1690"]
[PlyCount "119"]
[EventDate "2014.09.20"]
[EventType "team-tourn"]
[EventRounds "9"]
[EventCountry "GER"]
[SourceTitle "EXT 2016"]
[Source "ChessBase"]
[SourceDate "2015.10.08"]
[SourceVersion "1"]
[SourceVersionDate "2015.10.08"]
[SourceQuality "1"]
[WhiteTeam "Suedlohn"]
[BlackTeam "Muenster III"]
[WhiteTeamCountry "GER"]
[BlackTeamCountry "GER"]

1. d4 Nf6 2. Nf3 g6 3. Nc3 Bg7 4. e4 d6 5. Be3 0-0 6. Qd2 e5 7. 0-0-0 Nc6 8. h3 Ne8 9. dxe5 Nxe5 10. Bh6 f6 11. Nxe5 fxe5 12. Bc4+ Kh8 13. h4 Qf6 14. h5 Be6 15. Bg5 Qf7 16. hxg6 Qxg6 17. Bxe6 Qxe6 18. Rh3 Rf7 19. Rdh1 Nf6 20. f3 Rg8 21. R1h2 Bf8 22. b3 Be7 23. Bxf6+ Bxf6 24. Kb2 Bg5 25. Qe2 c6 26. g4 d5 27. exd5 cxd5 28. Qd3 Rgg7 29. Qxd5 Qxd5 30. Nxd5 Rd7 31. c4 Rgf7 32. Re2 Bf4 33. Kc3 Kg7 34. Rh5 Rd6 35. Rf5 Rxf5 36. gxf5 h5 37. Rg2+ Kf7 38. f6 Rxf6 39. Nxf6 Kxf6 40. Rg1 h4 41. Rh1 Bg3 42. Kd3 Ke6 43. Ke4 a5 44. a3 b6 45. b4 Kd6 46. Rd1+ Kc6 47. Kf5 Bf4 48. Kg4 Bg3 49. Rd5 axb4 50. axb4 Kc7 51. b5 Kb7 52. Rd7+ Kc8 53. Rh7 Kb8 54. Kf5 Kc8 55. Ke6 Kb8 56. Kd5 Ka8 57. Kc6 Bf2 58. Rh5 Kb8 59. Rxe5 h3 60. Rh5 1-0

[Event "Wunsiedel op 7th"]
[Site "Wunsiedel"]
[Date "2013.05.09"]
[Round "1"]
[White "Kempe, Frank"]
[Black "Grandadam, Nicolas"]
[Result "0-1"]
[WhiteElo "2022"]
[BlackElo "2338"]
[PlyCount "76"]
[EventDate "2013.05.09"]
[EventType "swiss"]
[EventRounds "7"]
[EventCountry "GER"]
[SourceTitle "CBM 154 Extra"]
[Source "ChessBase"]
[SourceDate "2013.06.25"]
[SourceVersion "2"]
[SourceVersionDate "2013.06.25"]
[SourceQuality "1"]

1. d4 d5 2. Nf3 Nf6 3. e3 e6 4. Bd3 c5 5. b3 Nc6 6. Bb2 Be7 7. Nbd2 0-0 8. a3 b6 9. 0-0 Bb7 10. Ne5 Rc8 11. f4 Rc7 12. Qe2 Qa8 13. Rf2 a5 14. Raf1 cxd4 15. exd4 Ne4 16. Rf3 f5 17. Rh3 Nxe5 18. fxe5 Nxd2 19. Qxd2 Ba6 20. Bxa6 Qxa6 21. Qd1 g6 22. c4 Rd8 23. Rg3 Bf8 24. h4 dxc4 25. h5 Rg7 26. Bc1 gxh5 27. Rxg7+ Bxg7 28. Qxh5 cxb3 29. d5 Qc8 30. Bh6 Rf8 31. Rc1 Qe8 32. Qg5 Qg6 33. Qxg6 hxg6 34. Bxg7 Kxg7 35. dxe6 b5 36. Rc7+ Kh6 37. Rb7 b4 38. axb4 a4 0-1

[Event "Muensterland Verbandsliga 1112"]
[Site "Germany"]
[Date "2011.09.24"]
[Round "1.7"]
[White "Boelker, Franz"]
[Black "Kempe, Frank"]
[Result "0-1"]
[WhiteElo "1815"]
[BlackElo "1926"]
[PlyCount "104"]
[EventDate "2011.09.24"]
[EventType "team-tourn"]
[EventRounds "9"]
[EventCountry "GER"]
[SourceTitle "EXT 2013"]
[Source "ChessBase"]
[SourceDate "2012.11.22"]
[SourceVersion "1"]
[SourceVersionDate "2012.11.22"]
[SourceQuality "1"]
[WhiteTeam "Raesfeld Erle"]
[BlackTeam "Suedlohn"]
[WhiteTeamCountry "GER"]
[BlackTeamCountry "GER"]

1. d4 d6 2. g3 c6 3. Bg2 Bg4 4. c4 Nf6 5. Nc3 Qc8 6. Qc2 Na6 7. a3 e5 8. e3 Be7 9. Nge2 Bh3 10. 0-0 h5 11. Ne4 h4 12. f3 Nxe4 13. fxe4 Bxg2 14. Kxg2 hxg3 15. Nxg3 g6 16. Qf2 Qh3+ 17. Kg1 0-0-0 18. b4 c5 19. b5 Nc7 20. Ra2 Rh7 21. Qg2 Qxg2+ 22. Rxg2 cxd4 23. Rgf2 Rf8 24. exd4 exd4 25. Bb2 Ne6 26. Rd1 Bg5 27. Nf1 Bd8 28. Kg2 Bb6 29. Bc1 Nc5 30. Ng3 Rfh8 31. Kf1 Rxh2 32. Rxf7 Rh1+ 33. Nxh1 Rxh1+ 34. Ke2 d3+ 35. Rxd3 Nxd3 36. Kxd3 Rxc1 37. Rg7 Rg1 38. a4 Rg3+ 39. Kd2 g5 40. Ke2 Re3+ 41. Kd1 Rg3 42. Kc2 g4 43. Rg6 Rg2+ 44. Kb3 Bc5 45. Rg8+ Kc7 46. Rg7+ Kc8 47. Rg8+ Kd7 48. Rg7+ Ke6 49. Rxb7 g3 50. a5 Rg1 51. Rg7 g2 52. Ka2 Ra1+ 0-1

[Event "Muensterland Verbandsliga 0910"]
[Site "Germany"]
[Date "2010.01.16"]
[Round "5.4"]
[White "Kempe, Frank"]
[Black "Davenport, Darcy"]
[Result "1-0"]
[WhiteElo "1990"]
[BlackElo "2076"]
[PlyCount "78"]
[EventDate "2009.09.26"]
[EventType "team-tourn"]
[EventRounds "9"]
[EventCountry "GER"]
[SourceTitle "EXT 2011"]
[Source "ChessBase"]
[SourceDate "2010.11.26"]
[SourceVersion "1"]
[SourceVersionDate "2010.11.26"]
[SourceQuality "1"]
[WhiteTeam "Suedlohn"]
[BlackTeam "Muenster II"]
[WhiteTeamCountry "GER"]
[BlackTeamCountry "GER"]

1. e4 c6 2. Nc3 d5 3. Nf3 Bg4 4. h3 Bxf3 5. Qxf3 e6 6. d3 Nd7 7. Bd2 g6 8. g4 Bg7 9. h4 h5 10. Be2 Ne5 11. Qg3 Nxg4 12. Bxg4 hxg4 13. Qxg4 Nf6 14. Qg2 Qb6 15. 0-0-0 Nh5 16. f4 0-0-0 17. f5 dxe4 18. fxe6 e3 19. Be1 Nf4 20. Qf3 e2 21. Rd2 Bh6 22. Bg3 Nh5 23. Bf2 Bxd2+ 24. Kxd2 Qc7 25. exf7 Rhf8 26. Qg4+ Kb8 27. Qxg6 Qxf7 28. Qxf7 Rxf7 29. Kxe2 Re8+ 30. Ne4 Nf6 31. Bg3+ Kc8 32. Rf1 Nxe4 33. Rxf7 Nxg3+ 34. Kf3 Ne2 35. c3 Nc1 36. d4 Nd3 37. h5 Nxb2 38. h6 Nc4 39. h7 Nd6 1-0

[Event "Muensterland Verbandsliga 0809"]
[Site "Germany"]
[Date "2009.03.21"]
[Round "8.5"]
[White "Kuempers, Ulrich"]
[Black "Kempe, Frank"]
[Result "1/2-1/2"]
[WhiteElo "2125"]
[BlackElo "2068"]
[PlyCount "48"]
[EventDate "2008.09.20"]
[EventType "tourn"]
[EventRounds "9"]
[EventCountry "GER"]
[SourceTitle "EXT 2010"]
[Source "ChessBase"]
[SourceDate "2010.11.25"]
[SourceVersion "1"]
[SourceVersionDate "2010.11.25"]
[SourceQuality "1"]
[WhiteTeam "Rheine Klein Berlin"]
[BlackTeam "Suedlohn"]
[WhiteTeamCountry "GER"]
[BlackTeamCountry "GER"]

1. d4 Nf6 2. c4 g6 3. Nc3 Bg7 4. e4 d6 5. f4 0-0 6. Nf3 c5 7. d5 e6 8. Be2 exd5 9. cxd5 b5 10. e5 dxe5 11. fxe5 Ng4 12. Bg5 Qb6 13. 0-0 c4+ 14. Kh1 Nxe5 15. d6 Nbc6 16. Be7 Bf5 17. Bxf8 Rxf8 18. Qd5 a6 19. Nxe5 Nxe5 20. Rad1 Bd7 21. Qd2 Bf5 22. Qd5 Bd7 23. Qd2 Bf5 24. Qd5 Bd7 1/2-1/2

[Event "Muensterland-ch"]
[Site "Suedlohn"]
[Date "2007.04.08"]
[Round "5.5"]
[White "Kempe, Frank"]
[Black "Horstmann, Michael"]
[Result "1-0"]
[WhiteElo "2068"]
[BlackElo "1719"]
[PlyCount "63"]
[EventDate "2007.04.06"]
[EventType "swiss"]
[EventRounds "5"]
[EventCountry "GER"]
[SourceTitle "EXT 2022"]
[Source "ChessBase"]
[SourceDate "2021.10.06"]
[SourceVersion "1"]
[SourceVersionDate "2021.10.06"]
[SourceQuality "1"]

1. e4 d5 2. exd5 Nf6 3. c4 c6 4. d4 cxd5 5. Nc3 Nc6 6. c5 Bf5 7. Bf4 g6 8. Nf3 Bg7 9. Bb5 Qa5 10. 0-0 0-0 11. Bxc6 bxc6 12. Ne5 Rac8 13. g4 Be6 14. Re1 Rfe8 15. a3 Nd7 16. b4 Qa6 17. b5 Qa5 18. Nxc6 Qxc3 19. Re3 Qc4 20. Rb1 Rxc6 21. bxc6 Nf6 22. c7 Nxg4 23. Rxe6 fxe6 24. Qxg4 Qa6 25. Rb8 Kf7 26. Be5 Bf6 27. Qf4 Qc6 28. Bxf6 exf6 29. Qd6 Qa4 30. Rxe8 Qd1+ 31. Kg2 Qg4+ 32. Qg3 1-0

[Event "Muensterland Verbandsliga 0607"]
[Site "Germany"]
[Date "2006.09.16"]
[Round "1.2"]
[White "Kempe, Frank"]
[Black "Beckmann, Klaus2"]
[Result "1-0"]
[WhiteElo "2068"]
[BlackElo "2155"]
[PlyCount "71"]
[EventDate "2006.09.16"]
[EventType "team-tourn"]
[EventRounds "9"]
[EventCountry "GER"]
[SourceTitle "EXT 2008"]
[Source "ChessBase"]
[SourceDate "2007.11.25"]
[SourceVersion "1"]
[SourceVersionDate "2007.11.25"]
[SourceQuality "1"]
[WhiteTeam "Suedlohn"]
[BlackTeam "Neuenkirchen"]
[WhiteTeamCountry "GER"]
[BlackTeamCountry "GER"]

1. e4 e5 2. Bc4 Nf6 3. d4 exd4 4. Nf3 Nc6 5. 0-0 Nxe4 6. Re1 d5 7. Bxd5 Qxd5 8. Nc3 Qa5 9. Nxe4 Be6 10. Bd2 Qf5 11. Bg5 h6 12. Bh4 Bc5 13. Bf6 0-0 14. Nh4 Qd5 15. Qf3 Bd6 16. c4 Qa5 17. Nxd6 cxd6 18. Qg3 g5 19. f4 Bf5 20. Nf3 Bg6 21. Nxg5 Qf5 22. Ne4 Rfe8 23. Nxd6 Rxe1+ 24. Rxe1 Qxf6 25. f5 Rd8 26. Nxb7 Rb8 27. fxg6 Qxg6 28. Qxg6+ fxg6 29. Re6 Rxb7 30. Rxg6+ Kf7 31. Rxc6 Rxb2 32. Rd6 Rxa2 33. Rxd4 Ke6 34. c5 Ke5 35. Rc4 Kd5 36. c6 1-0

[Event "Muensterland Verbandsliga 0506"]
[Site "Germany"]
[Date "2005.09.17"]
[Round "2.2"]
[White "Emunds, Hans Georg"]
[Black "Kempe, Frank"]
[Result "1/2-1/2"]
[WhiteElo "2227"]
[BlackElo "2068"]
[PlyCount "47"]
[EventDate "2005.08.27"]
[EventType "team-tourn"]
[EventRounds "9"]
[EventCountry "GER"]
[SourceTitle "EXT 2006"]
[Source "ChessBase"]
[SourceDate "2005.11.24"]
[SourceVersion "1"]
[SourceVersionDate "2005.11.24"]
[SourceQuality "1"]
[WhiteTeam "Muenster II"]
[BlackTeam "Suedlohn"]
[WhiteTeamCountry "GER"]
[BlackTeamCountry "GER"]

1. e4 c5 2. b3 Nc6 3. Bb2 e6 4. Nf3 Nf6 5. e5 Nd5 6. Nc3 Nf4 7. g3 Ng6 8. Qe2 a6 9. Ne4 b6 10. Bg2 Bb7 11. 0-0 Qb8 12. d4 cxd4 13. Nxd4 Qxe5 14. Rad1 d5 15. f4 Nxd4 16. Bxd4 Qc7 17. Ng5 Be7 18. Bxg7 Rg8 19. Bb2 0-0-0 20. Nxh7 Bc5+ 21. Kh1 Ne7 22. Be5 Qc6 23. c4 Nf5 24. cxd5 1/2-1/2

[Event "Muensterland Verbandsliga 0506"]
[Site "Germany"]
[Date "2005.08.27"]
[Round "1.2"]
[White "Ommen, Tobias"]
[Black "Kempe, Frank"]
[Result "1/2-1/2"]
[WhiteElo "1971"]
[BlackElo "2068"]
[PlyCount "110"]
[EventDate "2005.08.27"]
[EventType "team-tourn"]
[EventRounds "9"]
[EventCountry "GER"]
[SourceTitle "EXT 2006"]
[Source "ChessBase"]
[SourceDate "2005.11.24"]
[SourceVersion "1"]
[SourceVersionDate "2005.11.24"]
[SourceQuality "1"]
[WhiteTeam "Olfen"]
[BlackTeam "Suedlohn"]
[WhiteTeamCountry "GER"]
[BlackTeamCountry "GER"]

1. e4 e6 2. d4 d5 3. Nd2 Nf6 4. e5 Nfd7 5. c3 c5 6. Bd3 Nc6 7. Ne2 cxd4 8. cxd4 f6 9. exf6 Nxf6 10. 0-0 Bd6 11. Nf3 0-0 12. Bf4 Bxf4 13. Nxf4 Qd6 14. Ne2 e5 15. dxe5 Nxe5 16. Nxe5 Qxe5 17. Qb3 Bd7 18. Qc3 Qd6 19. Qd4 Ng4 20. f4 Rae8 21. Rf3 Nf6 22. Nc3 b6 23. h3 Qc5 24. Ne2 Qd6 25. Rd1 Bc6 26. Ng3 Qc5 27. Bb1 Re1+ 28. Rf1 Rxf1+ 29. Nxf1 Re8 30. Qxc5 bxc5 31. Kf2 Bb5 32. Rd2 d4 33. g3 Nd7 34. Bd3 a6 35. Bxb5 axb5 36. b4 Ra8 37. bxc5 Nxc5 38. Kf3 Ra3+ 39. Kg4 d3 40. Ne3 Ne4 41. Rb2 Nc3 42. Kf5 Rxa2 43. Rxa2 Nxa2 44. Ke4 Nb4 45. Nd1 Kf7 46. g4 Ke6 47. Kd4 Nd5 48. f5+ Kd6 49. Nf2 Nb4 50. Ne4+ Kc6 51. g5 Nd5 52. h4 Ne7 53. Ke5 Nd5 54. Kd4 Ne7 55. Ke5 Nd5 1/2-1/2

[Event "Duisburg Grossenbaum op"]
[Site "Duisburg"]
[Date "2005.05.14"]
[Round "3"]
[White "Kempe, Frank"]
[Black "Kaufeld, Juergen"]
[Result "0-1"]
[WhiteElo "2066"]
[BlackElo "2265"]
[PlyCount "54"]
[EventDate "2005.05.13"]
[EventType "swiss"]
[EventRounds "7"]
[EventCountry "GER"]
[SourceTitle "EXT 2006"]
[Source "ChessBase"]
[SourceDate "2005.11.24"]
[SourceVersion "1"]
[SourceVersionDate "2005.11.24"]
[SourceQuality "1"]

1. e4 c5 2. Nf3 e6 3. d4 cxd4 4. Nxd4 Nc6 5. Nc3 Qc7 6. Be3 a6 7. Bd3 Nf6 8. 0-0 Bd6 9. g3 h5 10. Nxc6 dxc6 11. Bg5 Ng4 12. Be2 f6 13. Bxg4 hxg4 14. Be3 g5 15. Qd2 Qh7 16. f4 gxf4 17. gxf4 Bd7 18. Rf2 Bc7 19. Rg2 0-0-0 20. Qd4 c5 21. Qxc5 Bc6 22. Qc4 g3 23. Ba7 gxh2+ 24. Kh1 Qh3 25. Rf1 Rdg8 26. Rxg8+ Rxg8 27. f5 Qg2# 0-1

[Event "Duisburg Grossenbaum op"]
[Site "Duisburg"]
[Date "2005.05.14"]
[Round "2"]
[White "Kempe, Frank"]
[Black "Zaragatski, Ilja"]
[Result "1/2-1/2"]
[WhiteElo "2066"]
[BlackElo "2335"]
[PlyCount "67"]
[EventDate "2005.05.13"]
[EventType "swiss"]
[EventRounds "7"]
[EventCountry "GER"]
[SourceTitle "EXT 2006"]
[Source "ChessBase"]
[SourceDate "2005.11.24"]
[SourceVersion "1"]
[SourceVersionDate "2005.11.24"]
[SourceQuality "1"]

1. e4 e6 2. d4 d5 3. Nd2 Nf6 4. e5 Nfd7 5. Bd3 c5 6. c3 Nc6 7. Ne2 cxd4 8. cxd4 Qb6 9. Nf3 f6 10. exf6 Nxf6 11. 0-0 Bd6 12. Bf4 Bxf4 13. Nxf4 0-0 14. Re1 Ne4 15. g3 Qxb2 16. Bxe4 dxe4 17. Rxe4 Bd7 18. Rb1 Qxa2 19. Rxb7 Rad8 20. Ng5 e5 21. Re2 Qc4 22. dxe5 Nd4 23. Re3 h6 24. Ne4 Nf5 25. Rd3 Qxe4 26. Rdxd7 Rxd7 27. Qxd7 Qe1+ 28. Kg2 Qe4+ 29. Kg1 Qxe5 30. Rxa7 Qe1+ 31. Kg2 Qe4+ 32. Kg1 Qe1+ 33. Kg2 Qe4+ 34. Kg1 1/2-1/2

[Event "Muensterland Verbandsliga 0405"]
[Site "Muensterland"]
[Date "2005.04.16"]
[Round "8.5"]
[White "Kempe, Frank"]
[Black "Roescher, Mark"]
[Result "1-0"]
[WhiteElo "1856"]
[BlackElo "2005"]
[PlyCount "81"]
[EventDate "2004.09.18"]
[EventType "team-tourn"]
[EventRounds "9"]
[EventCountry "GER"]
[SourceTitle "EXT 2006"]
[Source "ChessBase"]
[SourceDate "2005.11.24"]
[SourceVersion "1"]
[SourceVersionDate "2005.11.24"]
[SourceQuality "1"]
[WhiteTeam "Suedlohn"]
[BlackTeam "Heiden"]
[WhiteTeamCountry "GER"]
[BlackTeamCountry "GER"]

1. e4 c5 2. Nf3 d6 3. d4 cxd4 4. Nxd4 Nf6 5. Nc3 a6 6. Bg5 e6 7. f4 Be7 8. Qf3 Qc7 9. 0-0-0 Nbd7 10. Bd3 b5 11. Rhe1 h6 12. Bxf6 gxf6 13. e5 Bb7 14. Qh5 dxe5 15. Nxe6 Qc6 16. Be4 Qxe6 17. Bxb7 Nb6 18. Bxa8 Nxa8 19. fxe5 fxe5 20. Rxe5 Bg5+ 21. Rxg5 Qe3+ 22. Kb1 Qxg5 23. Qe2+ Kf8 24. Qe4 Nc7 25. Qd4 Rh7 26. Ne4 Qe7 27. Nf6 Rg7 28. Nh5 Rg8 29. a3 Ne6 30. Qc3 Qc7 31. Qxc7 Nxc7 32. Rd8+ Ne8 33. Rxe8+ Kxe8 34. Nf6+ Kf8 35. Nxg8 Kxg8 36. c4 bxc4 37. Kc2 Kf8 38. Kc3 Ke7 39. Kxc4 Kd6 40. b4 Kc6 41. a4 1-0

[Event "Muensterland Verbandsliga 0405"]
[Site "Muensterland"]
[Date "2004.10.09"]
[Round "2.5"]
[White "Kempe, Frank"]
[Black "Gerighausen, Karl Heinz"]
[Result "0-1"]
[WhiteElo "1856"]
[BlackElo "1758"]
[PlyCount "88"]
[EventDate "2004.09.18"]
[EventType "team-tourn"]
[EventRounds "9"]
[EventCountry "GER"]
[SourceTitle "EXT 2006"]
[Source "ChessBase"]
[SourceDate "2005.11.24"]
[SourceVersion "1"]
[SourceVersionDate "2005.11.24"]
[SourceQuality "1"]
[WhiteTeam "Suedlohn"]
[BlackTeam "Ibbenbueren"]
[WhiteTeamCountry "GER"]
[BlackTeamCountry "GER"]

1. e4 c5 2. Nf3 Nc6 3. d4 cxd4 4. Nxd4 Nf6 5. Nc3 d6 6. Bc4 e6 7. Be3 Be7 8. Qe2 0-0 9. 0-0-0 a6 10. g4 Qe8 11. g5 Nxd4 12. Bxd4 Nd7 13. h4 b5 14. Bb3 Nc5 15. Rdg1 Nxb3+ 16. axb3 Bb7 17. g6 fxg6 18. h5 Bf6 19. Qd3 gxh5 20. Bxf6 Rxf6 21. Qxd6 Rd8 22. Qg3 Rg6 23. Qh4 Rxg1+ 24. Rxg1 Rd7 25. Rg5 h6 26. Rxh5 Qg6 27. Qh2 b4 28. Na4 Qxe4 29. Qe5 Qg4 30. Kb1 Rd1+ 31. Ka2 Bd5 32. Qb8+ Kh7 33. Qh2 Qe2 34. Rxh6+ gxh6 35. Qc7+ Kg6 36. Qg3+ Kf6 37. Qf4+ Kg6 38. Qg3+ Kh5 39. Qh3+ Kg5 40. Qg3+ Qg4 41. Qe5+ Qf5 42. Qg3+ Kf6 43. Nc5 Qxc2 44. Nd7+ Ke7 0-1

[Event "Muensterland Verbandsliga 0304"]
[Site "Germany"]
[Date "2004.04.24"]
[Round "9.4"]
[White "Kempe, Frank"]
[Black "Friese, Henning"]
[Result "1-0"]
[WhiteElo "2083"]
[BlackElo "2081"]
[PlyCount "47"]
[EventDate "2003.09.27"]
[EventType "team-tourn"]
[EventRounds "9"]
[EventCountry "GER"]
[SourceTitle "EXT 2005"]
[Source "ChessBase"]
[SourceDate "2004.11.15"]
[SourceVersion "1"]
[SourceVersionDate "2004.11.15"]
[SourceQuality "1"]
[WhiteTeam "Suedlohn"]
[BlackTeam "Muenster II"]
[WhiteTeamCountry "GER"]
[BlackTeamCountry "GER"]

1. e4 c5 2. Nf3 Nc6 3. d4 cxd4 4. Nxd4 Nf6 5. Nc3 d6 6. Bc4 e6 7. Be3 Be7 8. Qe2 0-0 9. 0-0-0 Qc7 10. Bb3 a6 11. g4 Nxd4 12. Rxd4 Nd7 13. g5 Nc5 14. Qh5 b5 15. e5 dxe5 16. Rh4 Nxb3+ 17. axb3 h6 18. Rg1 Kh8 19. Rh3 Bc5 20. Bxc5 Qxc5 21. gxh6 g6 22. Qh4 f5 23. Rxg6 Bd7 24. h7 1-0

[Event "Muensterland Verbandsliga 0304"]
[Site "Germany"]
[Date "2003.09.27"]
[Round "1.4"]
[White "Sandmann, Bernd"]
[Black "Kempe, Frank"]
[Result "1-0"]
[WhiteElo "2152"]
[BlackElo "2083"]
[PlyCount "53"]
[EventDate "2003.09.27"]
[EventType "team-tourn"]
[EventRounds "9"]
[EventCountry "GER"]
[SourceTitle "EXT 2005"]
[Source "ChessBase"]
[SourceDate "2004.11.15"]
[SourceVersion "1"]
[SourceVersionDate "2004.11.15"]
[SourceQuality "1"]
[WhiteTeam "Neuenkirchen"]
[BlackTeam "Suedlohn"]
[WhiteTeamCountry "GER"]
[BlackTeamCountry "GER"]

1. Nf3 f5 2. d3 g6 3. e4 d6 4. Nc3 Bg7 5. d4 Nf6 6. e5 dxe5 7. Nxe5 Nd5 8. f4 Nxc3 9. bxc3 Bxe5 10. fxe5 Qd5 11. Kf2 Nc6 12. Be2 Be6 13. Rb1 Rd8 14. Bf3 Qxa2 15. Rxb7 Nxe5 16. Bf4 Nxf3 17. gxf3 Rc8 18. Re1 Bd5 19. Qe2 0-0 20. Rxc7 Rxc7 21. Bxc7 e6 22. Qd2 Rf7 23. Be5 a5 24. h4 Qa4 25. h5 gxh5 26. Qg5+ Kf8 27. Qd8+ 1-0

[Event "NRW-ch U18"]
[Site "Kranenburg"]
[Date "2003.04.24"]
[Round "5"]
[White "Mantler, Hendrik"]
[Black "Kempe, Frank"]
[Result "0-1"]
[WhiteElo "1993"]
[BlackElo "2083"]
[PlyCount "84"]
[EventDate "2003.04.??"]
[EventType "tourn"]
[EventRounds "7"]
[EventCountry "GER"]
[SourceTitle "EXT 2005"]
[Source "ChessBase"]
[SourceDate "2004.11.15"]
[SourceVersion "1"]
[SourceVersionDate "2004.11.15"]
[SourceQuality "1"]

1. e4 c5 2. Nf3 e6 3. d4 cxd4 4. Nxd4 Nf6 5. Nc3 Bb4 6. e5 Nd5 7. Qg4 g5 8. Ndb5 Nc6 9. Qg3 Qa5 10. Bd2 Nxc3 11. Bxc3 Bxc3+ 12. bxc3 a6 13. Nd6+ Kf8 14. Nc4 Qd5 15. Qxg5 Qe4+ 16. Kd1 Rg8 17. Qf6 Rg7 18. f3 Qd5+ 19. Kc1 Rb8 20. Rb1 b5 21. a4 Qc5 22. axb5 axb5 23. Nd6 Qe3+ 24. Kd1 Ba6 25. Bd3 Qxe5 26. Qxe5 Nxe5 27. Bf1 f5 28. f4 Ng4 29. g3 Ke7 30. Nxb5 Nf2+ 31. Kd2 Nxh1 32. Ke3 Nxg3 33. hxg3 Rxg3+ 34. Kd2 Rg1 35. Ke3 Bxb5 36. Rxb5 Rxb5 37. Bxb5 Rg3+ 38. Kd4 Rf3 39. Bd3 Rxf4+ 40. Ke3 Rh4 41. Kf3 Rh3+ 42. Ke2 Rxd3 0-1